000 00476nam a22001577a 4500
003 OSt
005 20251030121528.0
008 251030b |||||||| |||| 00| 0 eng d
020 _a0917006305
_cAVAILABLE
040 _cMACDONALD PUBLISHING COMPANY
050 _aBS 2380 .V5 1887
245 _aWORD STUDIES
_bIN THE NEW TESTAMENT
_cVINCENT, MARVIN R
250 _aIST EDITION
260 _aNEW YORK
_bMACDONALD PUBLISHING COMPANY MCLEAN, VIRGINIA 22102
_c1887
942 _2lcc
_cBK
_n0
999 _c9749
_d9749